Bài giảng chăn nuôi chó mèo

Kaydedildi:
Detaylı Bibliyografya
Yazar: Nguyễn, Thị Tuyết Nhung
Materyal Türü: Kitap
Dil:Undetermined
Baskı/Yayın Bilgisi: Cần Thơ Trường Đại học Cần Thơ 2000
Konular:
Etiketler: Etiketle
Etiket eklenmemiş, İlk siz ekleyin!
Thư viện lưu trữ: Trung tâm Học liệu Trường Đại học Cần Thơ
LEADER 00570nam a2200181Ia 4500
001 CTU_39133
008 210402s9999 xx 000 0 und d
082 |a 636.7 
082 |b Nh513 
100 |a Nguyễn, Thị Tuyết Nhung 
245 0 |a Bài giảng chăn nuôi chó mèo 
245 0 |c Nguyễn Thị Tuyết Nhung, Trương Chí Sơn 
260 |a Cần Thơ 
260 |b Trường Đại học Cần Thơ 
260 |c 2000 
650 |a Cats,Dogs 
904 |i Trọng Hải 
980 |a Trung tâm Học liệu Trường Đại học Cần Thơ